[Event "TUR-ch (Women)"]
[Site "Gaziantep"]
[Date "2024.03.04"]
[Round "2"]
[White "Ulgez, Selin"]
[Black "Karadas, Hena"]
[Result "0-1"]
[WhiteElo "1536"]
[BlackElo "1727"]
[PlyCount "70"]
[EventDate "2024.03.03"]
[EventType "swiss"]
[EventRounds "9"]
[EventCountry "TUR"]
[SourceTitle "CB11_2024"]
[SourceDate "2024.03.13"]
[SourceVersion "1"]
[SourceVersionDate "2024.03.13"]
[SourceQuality "1"]

1. d4 d5 2. c4 e6 3. Nc3 Nf6 4. cxd5 exd5 5. Bg5 Nbd7 6. e3 Be7 7. Bd3 c6 8. Nge2 Ne4 9. Bxe7 Qxe7 10. Bxe4 dxe4 11. Ng3 0-0 12. Ngxe4 f5 13. Nd2 f4 14. Qe2 Qg5 15. 0-0 Nb6 16. Nf3 Qh5 17. Ne5 f3 18. Nxf3 Bg4 19. Kh1 Rxf3 20. Kg1 Raf8 21. Qd2 R3f6 22. f3 Rh6 23. h3 Bxh3 24. gxh3 Qxh3 25. Qg2 Rg6 26. Qxg6 hxg6 27. Rf2 Rf5 28. Rg2 Rxf3 29. Ne2 Rxe3 30. Nf4 Qh4 31. Nxg6 Qxd4 32. Kh2 Re6 33. Rf1 Qd6+ 34. Nf4 Nd5 35. Rd2 Qc7 0-1

[Event "TUR-ch U20"]
[Site "Samsun"]
[Date "2023.05.22"]
[Round "6"]
[White "Karadas, Hena"]
[Black "Coskun, Emre"]
[Result "0-1"]
[WhiteElo "1573"]
[BlackElo "1750"]
[PlyCount "74"]
[EventDate "2023.05.19"]
[EventType "swiss"]
[EventRounds "9"]
[EventCountry "TUR"]
[SourceTitle "CBM 214 Extra"]
[Source "ChessBase"]
[SourceDate "2023.07.31"]
[SourceVersion "1"]
[SourceVersionDate "2023.07.31"]
[SourceQuality "1"]

1. e4 e5 2. Nf3 Nc6 3. Nc3 Nf6 4. Bb5 Nd4 5. Ba4 Nxf3+ 6. Qxf3 c6 7. d3 d6 8. h3 Be7 9. 0-0 a5 10. a3 h6 11. Bb3 g5 12. Qe3 Rg8 13. Ne2 Nh5 14. Ng3 Nf4 15. Nf5 Bxf5 16. exf5 Qd7 17. g4 h5 18. Qf3 Bf6 19. c3 0-0-0 20. Bd1 hxg4 21. hxg4 Rh8 22. Bxf4 gxf4 23. Qg2 Rh4 24. Bf3 Rdh8 25. Rfd1 Bd8 26. Kf1 d5 27. Ke1 Qe7 28. Kd2 Rh2 29. Qg1 Bb6 30. d4 exd4 31. Re1 dxc3+ 32. bxc3 Qc5 33. Re2 d4 34. cxd4 Qxd4+ 35. Kc2 Qc4+ 36. Kb1 Qb3+ 37. Rb2 Qxf3 0-1

[Event "Balkan-ch U12 Girls"]
[Site "Tornelo INT"]
[Date "2020.11.01"]
[Round "7"]
[White "Karadas, Hena"]
[Black "Baklova, Mila"]
[Result "1-0"]
[WhiteElo "1191"]
[BlackElo "1170"]
[PlyCount "53"]
[EventDate "2020.10.31"]
[EventType "swiss"]
[EventRounds "7"]
[EventCountry "NET"]
[SourceTitle "EXT 2023"]
[Source "ChessBase"]
[SourceDate "2022.10.05"]
[SourceVersion "1"]
[SourceVersionDate "2022.10.05"]
[SourceQuality "1"]

1. e4 e5 2. Nf3 Nc6 3. Bb5 a6 4. Bxc6 dxc6 5. 0-0 Bd6 6. d4 exd4 7. Qxd4 Be7 8. Qxg7 Bf6 9. Qg3 Ne7 10. e5 Rg8 11. Qf4 Bh8 12. Nc3 Bh3 13. Ng5 Bf5 14. Rd1 Qc8 15. Nge4 Bxe4 16. Nxe4 Nd5 17. Qf3 Bxe5 18. c4 f5 19. cxd5 fxe4 20. Qxe4 cxd5 21. Qxe5+ Kf8 22. Bh6+ Kf7 23. Rd3 Qe6 24. Rf3+ Ke7 25. Qxc7+ Ke8 26. Re3 Qxe3 27. fxe3 1-0

[Event "Balkan-ch U12 Girls"]
[Site "Tornelo INT"]
[Date "2020.10.31"]
[Round "2"]
[White "Karadas, Hena"]
[Black "Vukovic, Andjela"]
[Result "1-0"]
[WhiteElo "1191"]
[BlackElo "1134"]
[PlyCount "51"]
[EventDate "2020.10.31"]
[EventType "swiss"]
[EventRounds "7"]
[EventCountry "NET"]
[SourceTitle "EXT 2023"]
[Source "ChessBase"]
[SourceDate "2022.10.05"]
[SourceVersion "1"]
[SourceVersionDate "2022.10.05"]
[SourceQuality "1"]

1. e4 c5 2. Nf3 Nc6 3. d4 cxd4 4. Nxd4 e6 5. Nc3 Nge7 6. Be2 g6 7. 0-0 Bg7 8. Be3 0-0 9. Qd2 h5 10. Nxc6 Nxc6 11. Bh6 Ne5 12. Bxg7 Kxg7 13. f4 Nc6 14. Rf3 e5 15. f5 Nd4 16. f6+ Kh7 17. Rg3 Qxf6 18. Rf1 Qb6 19. Kh1 d6 20. Nd5 Qxb2 21. Bxh5 Be6 22. Nf6+ Kg7 23. Qg5 Rh8 24. Bxg6 fxg6 25. Qxg6+ Kf8 26. Qg7# 1-0

[Event "Balkan-ch U12 Girls"]
[Site "Tornelo INT"]
[Date "2020.10.31"]
[Round "1"]
[White "Stankovic, Andrea"]
[Black "Karadas, Hena"]
[Result "1-0"]
[WhiteElo "1419"]
[BlackElo "1191"]
[PlyCount "65"]
[EventDate "2020.10.31"]
[EventType "swiss"]
[EventRounds "7"]
[EventCountry "NET"]
[SourceTitle "EXT 2023"]
[Source "ChessBase"]
[SourceDate "2022.10.05"]
[SourceVersion "1"]
[SourceVersionDate "2022.10.05"]
[SourceQuality "1"]

1. d4 Nf6 2. c4 e5 3. dxe5 Ng4 4. Nf3 Bc5 5. e3 Nc6 6. Nc3 Ngxe5 7. Nxe5 Nxe5 8. Be2 0-0 9. 0-0 a5 10. Ne4 Ba7 11. b3 d6 12. Bb2 Bf5 13. Ng3 Bg6 14. Qd2 Qe7 15. Qc3 f6 16. Rad1 Bb6 17. Rd2 a4 18. Rfd1 Nc6 19. b4 Qf7 20. c5 Nxb4 21. cxb6 Nxa2 22. Qxc7 Qxc7 23. bxc7 Bf7 24. Ba3 Nc3 25. Rc1 Nxe2+ 26. Nxe2 Rfe8 27. Rxd6 Be6 28. Nd4 Bb3 29. Rb6 Bd5 30. Nb5 h6 31. Nd6 Re6 32. c8Q+ Rxc8 33. Nxc8 1-0

[Event "TUR-ch (Women)"]
[Site "Ankara"]
[Date "2020.03.05"]
[Round "6"]
[White "Karadas, Hena"]
[Black "Bilgin, Esmanur"]
[Result "1-0"]
[WhiteElo "1147"]
[BlackElo "1024"]
[PlyCount "77"]
[EventDate "2020.03.02"]
[EventType "swiss"]
[EventRounds "9"]
[EventCountry "TUR"]
[SourceTitle "CBM 195 Extra"]
[Source "ChessBase"]
[SourceDate "2020.05.31"]
[SourceVersion "1"]
[SourceVersionDate "2020.05.31"]
[SourceQuality "1"]

1. e4 e5 2. Nf3 Nc6 3. Bb5 a6 4. Bxc6 dxc6 5. 0-0 Bg4 6. d3 Bd6 7. Nbd2 Qf6 8. h3 h5 9. Re1 Ne7 10. hxg4 hxg4 11. Nh2 Qh4 12. Ndf1 Bc5 13. Be3 Bxe3 14. Rxe3 Ng6 15. g3 Qh3 16. Qxg4 Qxg4 17. Nxg4 0-0-0 18. Rd1 Rh5 19. c3 c5 20. Ree1 Rdh8 21. Kg2 Rh1 22. Ngh2 R1xh2+ 23. Nxh2 Rd8 24. Nf3 f6 25. d4 cxd4 26. cxd4 Re8 27. dxe5 Nxe5 28. Nxe5 Rxe5 29. f4 Ra5 30. e5 fxe5 31. Rxe5 Rxe5 32. fxe5 b5 33. e6 c5 34. e7 b4 35. e8Q+ Kc7 36. b3 c4 37. Qd7+ Kb6 38. Rd6+ Kc5 39. Qc6# 1-0

[Event "TUR-ch (Women)"]
[Site "Ankara"]
[Date "2020.03.02"]
[Round "1"]
[White "Karadas, Hena"]
[Black "Sahin, Handenur"]
[Result "0-1"]
[WhiteElo "1147"]
[BlackElo "2024"]
[PlyCount "64"]
[EventDate "2020.03.02"]
[EventType "swiss"]
[EventRounds "9"]
[EventCountry "TUR"]
[SourceTitle "CBM 195 Extra"]
[Source "ChessBase"]
[SourceDate "2020.05.31"]
[SourceVersion "1"]
[SourceVersionDate "2020.05.31"]
[SourceQuality "1"]

1. e4 e5 2. Nf3 Nc6 3. Bc4 Nf6 4. d3 Bc5 5. c3 d6 6. 0-0 a6 7. Nbd2 Ba7 8. h3 Na5 9. b4 Nxc4 10. Nxc4 h6 11. Be3 0-0 12. Bxa7 Rxa7 13. Ne3 Re8 14. Nh2 Ra8 15. Nhg4 Nxg4 16. Nxg4 Qg5 17. f3 h5 18. Nf2 Be6 19. a3 Rad8 20. Qc1 Qg3 21. d4 d5 22. dxe5 dxe4 23. Nxe4 Qxe5 24. Nc5 Bxh3 25. f4 Qe2 26. Rf2 Qg4 27. Kh2 h4 28. Nxb7 Qg3+ 29. Kg1 Rd3 30. Qf1 Bg4 31. Re1 Rxe1 32. Qxe1 Rd1 0-1